A general history of quadrupeds /

Bibliographic Details
Main Author: Bewick, Thomas, 1753-1828
Other Authors: Beilby, Ralph, 1743 or 1744-1817
Format: Book
Language:English
Published: London : B. Quaritch, 1885.
Series:Memorial edition of Thomas Bewick's works. v. 3
Subjects:

MARC

Tag First Indicator Second Indicator Subfields
LEADER 00000cam a2200000 4500
001 in00000665771
005 20151015085940.0
008 801007r18851885miua a 00010 eng d
035 |a (OCoLC)06796167 
035 |9 ACY3750AM 
040 |a EEU  |c TXA  |d UtOrBLW 
049 |a TXAI 
090 |a QL3  |b .B57 
099 |a film  |a B  |a 1512  |a reel  |a 323.7 
100 1 |a Bewick, Thomas,  |d 1753-1828. 
245 1 2 |a A general history of quadrupeds /  |c The figures engraved on wood by Thomas Bewick. 
264 1 |a London :  |b B. Quaritch,  |c 1885. 
300 |a 1 page ., xi, 526 pages :  |b illustrations ;  |c 26 cm. 
336 |a text  |b txt  |2 rdacontent 
337 |a microform  |b h  |2 rdamedia 
338 |a microfilm reel  |b hd  |2 rdacarrier 
490 0 |a Memorial edition of Thomas Bewick's works. v. 3 
500 |a "Letterpress by R. Beilby."--Dict. nat. biog. 
500 |a Microfilm. Ann Arbor, Mich., University Microfilms [n.d.] (American culture series, Reel 323.7) 
500 |a Microform. 
650 0 |a Mammals. 
700 1 |a Beilby, Ralph,  |d 1743 or 1744-1817. 
999 |a MARS 
999 f f |s f5ee2376-6d8b-380c-abde-8f814ed52d8d  |i 740db038-e3ec-3c59-ad27-02e5a3a7e8bb  |t 0 
952 f f |p default  |a Texas A&M University  |b College Station  |c Sterling C. Evans Library  |d Evans: Microforms (3rd floor)  |t 0  |e film B 1512 reel 323.7  |h Other scheme  |i microform -- microfilm reel 
998 f f |a film B 1512 reel 323.7  |t 0  |l Evans: Microforms (3rd floor)